Zmeny pre znalcov, tlmočníkov a prekladateľov

Schválená novela zákona č. 382/2004 Z. z. o znalcoch, tlmočníkoch a prekladateľoch. Cieľ novely. Zmeny, ktoré novela priniesla.

Salvato in:
Dettagli Bibliografici
Autore principale: Trizuliak, Tibor
Natura: Capitolo di libro
Lingua:slovacco
Soggetti:
Tags: Aggiungi Tag
Nessun Tag, puoi essere il primo ad aggiungerne!!

MARC

LEADER 00000naa a2200000 4500
001 0241897
005 20180411095023.3
041 0 |a slo 
044 |a SK 
245 1 0 |a Zmeny pre znalcov, tlmočníkov a prekladateľov  |c Tibor Trizuliak 
520 |a Schválená novela zákona č. 382/2004 Z. z. o znalcoch, tlmočníkoch a prekladateľoch. Cieľ novely. Zmeny, ktoré novela priniesla. 
610 2 0 |a legislatíva 
610 2 0 |a novelizácia 
610 2 0 |a znalci 
610 2 0 |a tlmočníci 
610 2 0 |a prekladatelia 
610 2 0 |a posudky znalecké 
610 2 0 |a preklady 
100 1 |a Trizuliak, Tibor